"Hunger for Energy"and "Ecological Infarct" as Main Problems of Humanity; 3 international conference on technical and phisical problems of power engineering, ICTPE-2006

Detalhes bibliográficos
Parent link:3 international conference on technical and phisical problems of power engineering, ICTPE-2006.— 2006.— P. 1085-1089
Autor principal: Ushakov V. Ya. Vasily Yakovlevich
Resumo:В фонде НТБ ТПУ отсутствует
Idioma:inglês
Publicado em: 2006
Assuntos:
Formato: MixedMaterials Capítulo de Livro
KOHA link:https://koha.lib.tpu.ru/cgi-bin/koha/opac-detail.pl?biblionumber=595966

MARC

LEADER 00000naa0a2200000 4500
001 595966
005 20250318161334.0
035 |a (RuTPU)RU\TPU\tpu\17887 
035 |a RU\TPU\tpu\16863 
090 |a 595966 
100 |a 20100809d2006 k||y0rusy50 ba 
101 0 |a eng 
102 |a TR 
200 1 |a "Hunger for Energy"and "Ecological Infarct" as Main Problems of Humanity  |f V. Ya. Ushakov 
333 |a В фонде НТБ ТПУ отсутствует 
463 |t 3 international conference on technical and phisical problems of power engineering, ICTPE-2006  |o conference proceedings, Ankara, Turkey, 29-31 May 2006  |v P. 1085-1089  |d 2006 
610 1 |a труды учёных ТПУ 
700 1 |a Ushakov  |b V. Ya.  |c specialist in the field of electric power engineering  |c Professor of Tomsk Polytechnic University, Doctor of technical sciences  |f 1939-  |g Vasily Yakovlevich  |3 (RuTPU)RU\TPU\pers\29718  |9 14212 
801 1 |a RU  |b 63413507  |c 20091130 
801 2 |a RU  |b 63413507  |c 20120831  |g RCR 
942 |c BK